Lethe : A dramatic satire. By David Garrick. As it is performed at the Theatre-Royal in Drury-Lane, by His Majesty's servants.

Bibliographic Details
Main Author: Garrick, David, 1717-1779
Format: eBook
Language:English
Edition:The third edition.
Series:Eighteenth century collections online.
Online Access:Full text online

MARC

Tag First Indicator Second Indicator Subfields
LEADER 00000cam a2200000 4500
001 in00001934621
006 m | d |
007 cr |n||||||||n
008 790602s1752 enk|||| s 00||||eng d
005 20260407205733.4
035 |a (CStRLIN)ESTCT37733 
040 |a Uk-ES  |c Uk-ES  |d CStRLIN  |d Thomson Gale  |d UtOrBLW 
100 1 |a Garrick, David,  |d 1717-1779. 
245 1 0 |a Lethe :  |b A dramatic satire. By David Garrick. As it is performed at the Theatre-Royal in Drury-Lane, by His Majesty's servants. 
250 |a The third edition. 
264 3 |a London :  |b printed for and sold by Paul Vaillant,  |c 1752. 
300 |a 4 unnumbered pages, 43, 1 unnumbered page ;  |c 8⁰. 
336 |a text  |b txt  |2 rdacontent 
337 |a computer  |b c  |2 rdamedia 
338 |a online resource  |b cr  |2 rdacarrier 
500 |a With a half-title. 
500 |a Reproduction of original from the British Library. 
510 4 |a English Short Title Catalog,  |c ESTCT37733. 
533 |a Electronic reproduction.  |b Farmington Hills, Mich. :  |c Thomson Gale,  |d 2003.  |n Available via the World Wide Web.  |n Access limited by licensing agreements  |7 s2003 miunns 
500 |a Electronic resource. 
830 0 |a Eighteenth century collections online. 
856 4 0 |u http://proxy.library.tamu.edu/login?url=https://galenet.galegroup.com/servlet/ECCO?c=1&stp=Author&ste=11&af=BN&ae=T037733&tiPG=1&dd=0&dc=flc&docNum=CW110138266&vrsn=1.0&srchtp=a&d4=0.33&n=10&SU=0LRK&locID=txshracd2898  |z Full text online  |t 0 
999 |a MARS 
999 f f |s 19eee7a1-c560-3520-9891-c2478bca251e  |i 57e5986f-f4d1-316b-b7ea-045d51991694  |t 0 
952 f f |a Texas A&M University  |b College Station  |c Electronic Resources  |s www_evans  |d Available Online  |t 0  |h No information provided 
998 f f |t 0  |l Available Online